000 00527nam a2200169Ia 4500
003 LDD
008 190117s9999 xx 000 0 und d
020 _c₹190
040 _cLDD
041 _ahi
082 _a330.954 भा6442
100 _aरूद्रदत्
245 0 _aभारतीय अर्थव्यवस्था की प्रमुख समस्याएं
_cरूद्रदत्
260 _aदिल्ली
_bप्रगति
_c1990
300 _a208प्र.
942 _2ddc
_cH
999 _c168827
_d168827